Дело по жалобе коллежского секретаря Микухина по предмету удаления его от должности и решения дел о нем

Доступно только в Электронных читальных залах Найти на картеНа карте
RUSMARC
00003715nmc2a22000003x 450
0012b0129ed-bbc9-4b7c-83d1-3bd22e623247
00520200227131022.0
100##$a20180806l18621864k l0rusy0189 ca
1010#$arus
102##$aRU
2001#$aДело по жалобе коллежского секретаря Микухина по предмету удаления его от должности и решения дел о нем
$j17 августа 1862 г. - 30 мая 1864 г.
251##$cДело
300##$aДело
801#0$aRU
$bРГИА
$c20180806
$gRCR
801#1$aRU
$bГлавНИВЦ
$c20180806
$2rusmarc
801#2$aRU
$bПБ им. Б.Н. Ельцина
$c20200227
$gRCR
$2rusmarc
850##$aРГИА
852##$aРГИА
$eФедеральное казенное учреждение "Российский государственный исторический архив" (РГИА)
$j520
937##$hРГИА
$d12284926
$aASBIBLIO_SCAN
462#0$10015c398cbf-df74-45c9-b4be-e102fe866560
$12001
$aДела Департамента полиции исполнительной МВД за 1862 год
$1251
$cОпись
$1852
$j23
$l1862 г.
461#0$10013e300ed0-cd39-49af-8489-5ba5b90fa401
$12001
$aДепартамент полиции исполнительной МВД
$1251
$cФонд
$1852
$j1286
215##$a49 л.
$d36,5х26 см
371##$aДокумент не является опубликованным и широко распространяемым
105##$ay###
1222#$ad
035##$a2b0129ed-bbc9-4b7c-83d1-3bd22e623247
856##$uhttp://readingroom.main.prlib.ru/item.aspx?id_node=n141822690&mode=full
Формат отображения